000 00508nam a2200157 a 4500
001 000014387
005 20200929163839.0
008 091211s2003 dr a r 000 0 spa d
020 _a9993449083
040 _aDO-SdBNP
_bspa
_cBNPHU
082 _axxxx
_bD598
245 0 0 _aDirectorio electrónico interativo de periodistas, artistas y escritores dominicanos /
_cEditor Adrián Javier.
260 _aSanto Domingo :
_bGente,
_c2003.
300 _a195 . :
_bil. ;
_c16 cm.
700 1 _aJavier, Adrián,
_eed.
_925420
999 _c13978
_d13978